| 000 | 00473nam a2200193 4500 | ||
|---|---|---|---|
| 003 | OSt | ||
| 005 | 20160513163844.0 | ||
| 008 | 160513b xxu||||| |||| 00| 0 eng d | ||
| 020 | _a0174443196 | ||
| 040 | _c040a | ||
| 082 |
_a671 _bLYE 1971 |
||
| 100 |
_aLye, P. F _98782 |
||
| 245 |
_aWoodwork theory / _cP. F Lye |
||
| 250 | _aMetric ed. | ||
| 260 |
_aCheltenham _bThomas Nelson _c1971 |
||
| 300 |
_a76p; _bill : _c10 cm |
||
| 650 |
_awoodwork _98783 |
||
| 942 |
_2ddc _cSLOAN |
||
| 999 |
_c4023 _d4023 |
||